Online
Catalog

El jardín Botánico Nacional / (Record no. 57433)

MARC details
000 -CABECERA
campo de control de longitud fija 01971nam a2200385 i 4500
003 - IDENTIFICADOR DEL NÚMERO DE CONTROL
campo de control DO-SdBNP
005 - FECHA Y HORA DE LA ÚLTIMA TRANSACCIÓN
campo de control 20240813140336.0
006 - CÓDIGOS DE INFORMACIÓN DE LONGITUD FIJA--CARACTERÍSTICAS DEL MATERIAL ADICIONAL
campo de control de longitud fija a||||gr|||| 00| 0
007 - CAMPO FIJO DE DESCRIPCIÓN FÍSICA--INFORMACIÓN GENERAL
campo de control de longitud fija ta
008 - DATOS DE LONGITUD FIJA--INFORMACIÓN GENERAL
campo de control de longitud fija 240813e1994 dr a|||| |||| 00| 0 spa d
040 ## - FUENTE DE LA CATALOGACIÓN
Centro catalogador/agencia de origen DO-SdBNP
Lengua de catalogación spa
Centro/agencia transcriptor BNPHU
Normas de descripción rda
082 #4 - NÚMERO DE LA CLASIFICACIÓN DECIMAL DEWEY
Número de edición 22
Número de documento/Ítem M516j
100 1# - ENTRADA PRINCIPAL--NOMBRE DE PERSONA
Nombre de persona Mejía, Milcíades
9 (RLIN) 43514
Término indicativo de función/relación autor
245 13 - MENCIÓN DE TÍTULO
Título El jardín Botánico Nacional /
Mención de responsabilidad, etc. Rafael M. Moscoso, Ricardo García, fotos, Luis Vásquez, Vicente Tolentino y Dieter Höner; ilustraciones, Sésar Rodríguez.
264 #1 - PRODUCCIÓN, PUBLICACIÓN, DISTRIBUCIÓN, FABRICACIÓN Y COPYRIGHT
Producción, publicación, distribución, fabricación y copyright Santo Domingo :
Nombre del de productor, editor, distribuidor, fabricante Jardín Botánico Nacional Dr. Rafael M. Moscoso,
Fecha de producción, publicación, distribución, fabricación o copyright 1994
300 ## - DESCRIPCIÓN FÍSICA
Extensión 47 páginas :
Otras características físicas ilustraciones, mapas ;
Dimensiones 20 cm.
336 ## - TIPO DE CONTENIDO
Fuente rdacontent
Término de tipo de contenido texto
Código de tipo de contenido txt
337 ## - TIPO DE MEDIO
Fuente rdamedia
Nombre/término del tipo de medio sin mediación
Código del tipo de medio n
338 ## - TIPO DE SOPORTE
Fuente rdacarrier
Nombre/término del tipo de soporte volumen
Código del tipo de soporte n
500 ## - NOTA GENERAL
Nota general Segunda edición revisada, 1994.
505 ## - NOTA DE CONTENIDO CON FORMATO
Nota de contenido con formato Presentación.
Título Jardines Botánicos: historia y desarrollo.--
-- Jardín Botánico Nacional.--
-- Plano Jardín Botánico Nacional.--
-- Departamentos.--
-- Conferencias y Exposiciones.--
-- Plantas Acuáticas.-- Bromelia.-- Helechos.-- Orquídeas.-- Arboretum.-- Área de Plamas.-- Reserva Forestal.-- Gran Cañada.-- Plantas con Flores Vsitosas.-- Jardín Japonés.-- Cactáceas y Suculentas.-- Frutales, Herbolario.-- Plantas Endémicas.
590 ## - NOTA LOCAL (RLIN)
Nota local Inventariado 2024 / MF
650 #4 - PUNTO DE ACCESO ADICIONAL DE MATERIA--TÉRMINO DE MATERIA
Término de materia o nombre geográfico como elemento de entrada Jardínes Botánicos
Subdivisión geográfica República Dominicana
9 (RLIN) 20633
650 #1 - PUNTO DE ACCESO ADICIONAL DE MATERIA--TÉRMINO DE MATERIA
Término de materia o nombre geográfico como elemento de entrada Morfogénesis de Las Plantas
9 (RLIN) 26245
650 #4 - PUNTO DE ACCESO ADICIONAL DE MATERIA--TÉRMINO DE MATERIA
Término de materia o nombre geográfico como elemento de entrada Genéticas de Las Plantas
9 (RLIN) 22314
700 1# - PUNTO DE ACCESO ADICIONAL--NOMBRE DE PERSONA
Nombre de persona García, Ricardo,
Fechas asociadas al nombre 1958-
9 (RLIN) 23961
Término indicativo de función/relación autor
700 1# - PUNTO DE ACCESO ADICIONAL--NOMBRE DE PERSONA
Nombre de persona Vásquez, Luis,
9 (RLIN) 55603
Término indicativo de función/relación fotografías
700 1# - PUNTO DE ACCESO ADICIONAL--NOMBRE DE PERSONA
Nombre de persona Vicente, Tolentino,
9 (RLIN) 85326
Término indicativo de función/relación fotografías
700 1# - PUNTO DE ACCESO ADICIONAL--NOMBRE DE PERSONA
Nombre de persona Höner, Dieter,
Término indicativo de función/relación fotografía
9 (RLIN) 86329
700 1# - PUNTO DE ACCESO ADICIONAL--NOMBRE DE PERSONA
Nombre de persona Rodríguez, Sésar
9 (RLIN) 86279
Término indicativo de función/relación ilustrador
710 1# - PUNTO DE ACCESO ADICIONAL--NOMBRE DE ENTIDAD CORPORATIVA
Nombre de entidad corporativa o nombre de jurisdicción como elemento de entrada Jardín Botánico Nacional Dr. Rafael Ma. Moscoso
Unidad subordinada República Dominicana
9 (RLIN) 17888
710 2# - PUNTO DE ACCESO ADICIONAL--NOMBRE DE ENTIDAD CORPORATIVA
Nombre de entidad corporativa o nombre de jurisdicción como elemento de entrada Fundación de Desarrollo Agropecuario INC.
9 (RLIN) 86330
710 2# - PUNTO DE ACCESO ADICIONAL--NOMBRE DE ENTIDAD CORPORATIVA
Nombre de entidad corporativa o nombre de jurisdicción como elemento de entrada Green Caribe
9 (RLIN) 86331
942 ## - ELEMENTOS DE PUNTO DE ACCESO ADICIONAL (KOHA)
Fuente del sistema de clasificación o colocación Dewey Decimal Classification
Tipo de ítem Koha Libro
Holdings
Estado de retiro Estado de pérdida Fuente del sistema de clasificación o colocación Restricciones de uso No para préstamo Código de colección Localización permanente Ubicación/localización actual Ubicación en estantería Fecha de adquisición Fuente de adquisición Total de préstamos Signatura topográfica completa Código de barras Fecha visto por última vez Precio válido a partir de Tipo de ítem Koha
    Dewey Decimal Classification Excluido de préstamo   Dominicana Folletos Biblioteca Nacional Pedro Henríquez Ureña Biblioteca Nacional Pedro Henríquez Ureña En catalogación 13.08.2023 Perteneció a la biblioteca personal de Emilio Cordero Michel / Presidencia de la República   M516j 2024-4804 13.08.2024 13.08.2024 Libro

Powered by Koha